[Event "40th ECC Open 2025"]
[Site "Rhodes GRE"]
[Date "2025.10.24"]
[Round "6.25"]
[White "Gelfand, Boris"]
[Black "Dotzer, Lukas"]
[Result "1/2-1/2"]
[WhiteTitle "GM"]
[BlackTitle "IM"]
[WhiteElo "2636"]
[BlackElo "2463"]
[WhiteTeam "Rishon Le Zion #1"]
[BlackTeam "Schachfreunde Berlin 1903"]
[WhiteFideId "2805677"]
[BlackFideId "1666975"]
[EventDate "2025.10.19"]

1. Nf3 d5 2. g3 Nf6 3. Bg2 e6 4. O-O Be7 5. c4 O-O 6. d4 dxc4 7. Qc2 a6 8. a4
Bd7 9. Qxc4 Bc6 10. Bg5 Nbd7 11. Rc1 h6 12. Bxf6 Nxf6 13. Nbd2 Rc8 14. Qd3 Bd5
15. e4 Bc6 16. Ne5 Be8 17. Qe3 c5 18. dxc5 Rxc5 19. Rxc5 Bxc5 20. Qxc5 Qxd2 21.
Nc4 Qc2 22. Qd4 Bc6 23. f3 Rc8 24. Bf1 Nd7 25. Bd3 Qb3 26. Na5 Qb6 27. Qxb6 Nxb6
28. b3 Nd7 29. b4 Ne5 30. Be2 Ra8 31. f4 b6 32. fxe5 bxa5 33. bxa5 Bxe4 34. Kf2
Bc6 35. Ke3 Kf8 36. Kd4 Ke7 37. Kc5 Bd5 38. Kb6 Rb8+ 39. Kxa6 f6 40. exf6+ 1/2-1/2

[Event "40th ECC Open 2025"]
[Site "Rhodes GRE"]
[Date "2025.10.24"]
[Round "6.26"]
[White "Baum, Jonasz"]
[Black "Rodshtein, Maxim"]
[Result "1/2-1/2"]
[WhiteTitle "IM"]
[BlackTitle "GM"]
[WhiteElo "2446"]
[BlackElo "2647"]
[WhiteTeam "Schachfreunde Berlin 1903"]
[BlackTeam "Rishon Le Zion #1"]
[WhiteFideId "1195360"]
[BlackFideId "2806851"]
[EventDate "2025.10.19"]

1. Nf3 d5 2. d4 Nf6 3. c4 e6 4. Nc3 c6 5. Bg5 h6 6. Bxf6 Qxf6 7. e3 Nd7 8. Be2
Qd8 9. O-O Be7 10. cxd5 exd5 11. Bd3 O-O 12. Qc2 Bd6 13. Rab1 a5 14. Rbe1 Re8
15. e4 dxe4 16. Nxe4 Bb4 17. Re3 Nb6 18. Nc5 Nd5 19. Rxe8+ Qxe8 20. a3 Bxc5 21.
dxc5 Be6 22. Re1 Qd7 23. Ne5 Qe7 24. g3 Rd8 25. Bh7+ Kf8 26. Be4 Nf6 27. Bg2 Qc7
28. Nc4 Bxc4 29. Qxc4 Rd2 30. b4 axb4 31. axb4 Qd8 32. h3 g5 33. b5 cxb5 34.
Qxb5 Qd4 35. Re2 Rd1+ 36. Kh2 Rc1 37. Qb3 Rxc5 1/2-1/2

[Event "40th ECC Open 2025"]
[Site "Rhodes GRE"]
[Date "2025.10.24"]
[Round "6.27"]
[White "Steinberg, Nitzan"]
[Black "Schmidek, Emil"]
[Result "1/2-1/2"]
[WhiteTitle "GM"]
[BlackTitle "IM"]
[WhiteElo "2554"]
[BlackElo "2427"]
[WhiteTeam "Rishon Le Zion #1"]
[BlackTeam "Schachfreunde Berlin 1903"]
[WhiteFideId "2801795"]
[BlackFideId "12908150"]
[EventDate "2025.10.19"]

1. e4 c6 2. Nf3 d5 3. Nc3 Bg4 4. d4 e6 5. h3 Bxf3 6. Qxf3 dxe4 7. Qxe4 Nf6 8.
Qd3 Nbd7 9. g3 Be7 10. Bg2 O-O 11. O-O Re8 12. Rd1 Qc7 13. Ne4 Nxe4 14. Qxe4 Nf6
15. Qf3 Rad8 16. Bf4 Qb6 17. Qb3 Qxb3 18. axb3 a6 19. c3 Rd7 20. Bf3 h5 21. Kg2
g6 22. Re1 Nd5 23. Bd2 Bf6 24. Re4 Bd8 25. Rae1 Nc7 26. Bc1 Kg7 27. R4e2 Nd5 28.
Bd2 Bf6 29. Be4 h4 30. Bc2 Rh8 31. Bc1 Rdd8 32. Rd1 Rd7 33. Rd3 Rh5 34. Bd2 hxg3
35. fxg3 Bg5 36. Be1 Rh8 37. Rf3 Nc7 38. h4 Bd8 39. Bd2 Ne8 40. Ref2 Bb6 41. Bf4
Bc7 42. Bg5 Rf8 43. Bd3 Bd8 44. Bf4 Bc7 45. Bc1 Bd8 46. Bc4 Nf6 47. Kh3 g5 48.
hxg5 Ne4 49. Re2 Nxg5+ 50. Bxg5 Bxg5 51. Kg2 Rg8 52. Rf1 Bd8 53. Re4 Re7 54. Rf3 1/2-1/2

[Event "40th ECC Open 2025"]
[Site "Rhodes GRE"]
[Date "2025.10.24"]
[Round "6.28"]
[White "Florstedt, Johannes"]
[Black "Sokolovsky, Yahli"]
[Result "1/2-1/2"]
[WhiteTitle "FM"]
[BlackTitle "GM"]
[WhiteElo "2413"]
[BlackElo "2539"]
[WhiteTeam "Schachfreunde Berlin 1903"]
[BlackTeam "Rishon Le Zion #1"]
[WhiteFideId "12922293"]
[BlackFideId "2820242"]
[EventDate "2025.10.19"]

1. e4 e5 2. Nf3 Nc6 3. d4 exd4 4. Nxd4 Bc5 5. Nxc6 Qf6 6. Qf3 bxc6 7. Nd2 a5 8.
a4 d6 9. Nb3 Bb6 10. Bd2 Qxf3 11. gxf3 Ne7 12. Rg1 Rg8 13. Be3 Rb8 14. Bxb6 Rxb6
15. Rg5 c5 16. Kd2 Nc6 17. Bb5 Bd7 18. Bxc6 Rxc6 19. Kc3 f6 20. Rgg1 Kf7 21.
Nxa5 Ra6 22. Nc4 Rxa4 23. Rxa4 Bxa4 24. Ra1 Ra8 25. Ne3 Bc6 26. Rxa8 Bxa8 27.
Nd5 c6 28. Nb6 Bb7 29. Nc4 Ke6 30. Na5 Ba6 31. Nxc6 Be2 32. f4 Bf3 33. Kd3 f5
34. exf5+ Kxf5 35. Na5 Be4+ 36. Kc4 Kxf4 37. c3 Kf3 38. b4 cxb4 39. cxb4 h5 40.
b5 h4 41. b6 h3 42. Kd4 Ba8 43. b7 Bxb7 44. Nxb7 d5 45. Nd6 Kxf2 46. Kxd5 Kg2
47. Ke4 Kxh2 48. Kf3 Kg1 49. Ne4 h2 50. Ng3 h1=Q+ 51. Nxh1 Kxh1 52. Kg4 Kg2 53.
Kg5 Kf3 54. Kg6 Kg4 55. Kxg7 1/2-1/2

[Event "40th ECC Open 2025"]
[Site "Rhodes GRE"]
[Date "2025.10.24"]
[Round "6.29"]
[White "Zanan, Evgeny"]
[Black "Poltorak, Sebastian"]
[Result "1/2-1/2"]
[WhiteTitle "GM"]
[BlackTitle "IM"]
[WhiteElo "2504"]
[BlackElo "2413"]
[WhiteTeam "Rishon Le Zion #1"]
[BlackTeam "Schachfreunde Berlin 1903"]
[WhiteFideId "24101940"]
[BlackFideId "1199498"]
[EventDate "2025.10.19"]

1. e4 c6 2. d4 d5 3. Nd2 dxe4 4. Nxe4 Bf5 5. Ng3 Bg6 6. h4 h6 7. Nf3 Nd7 8. Bd3
Bxd3 9. Qxd3 e6 10. Bf4 Ngf6 11. O-O-O Be7 12. Ne4 Nxe4 13. Qxe4 Nf6 14. Qe2 Qa5
15. Kb1 Qf5 16. Be3 Ng4 17. Nd2 O-O-O 18. f3 Nxe3 19. Qxe3 Bd6 20. Ne4 Kb8 21.
Rd3 Rd7 22. Rhd1 Rhd8 23. a3 Qf4 24. Qxf4 Bxf4 25. h5 Rd5 26. g4 e5 27. dxe5
Rxd3 28. cxd3 Bxe5 29. Kc2 g6 30. Re1 gxh5 31. gxh5 Rd5 32. b4 Kc8 33. f4 Bxf4
34. Rf1 Bh2 35. Rxf7 Rxh5 36. Rf8+ Kc7 37. Rf7+ Kc8 38. Rf8+ Kc7 39. Rf7+ 1/2-1/2

[Event "40th ECC Open 2025"]
[Site "Rhodes GRE"]
[Date "2025.10.24"]
[Round "6.30"]
[White "Polzin, Rainer"]
[Black "Bronstein, Or"]
[Result "0-1"]
[WhiteTitle "GM"]
[BlackTitle "IM"]
[WhiteElo "2393"]
[BlackElo "2460"]
[WhiteTeam "Schachfreunde Berlin 1903"]
[BlackTeam "Rishon Le Zion #1"]
[WhiteFideId "4610741"]
[BlackFideId "2815770"]
[EventDate "2025.10.19"]

1. e4 c5 2. Nc3 d6 3. Nf3 Nf6 4. d4 cxd4 5. Qxd4 Nc6 6. Qe3 g6 7. h3 Bg7 8. Bc4
O-O 9. O-O b6 10. Qf4 Bb7 11. Qh4 Qc7 12. Bb3 Na5 13. Bh6 Nxb3 14. axb3 Qc5 15.
Rfe1 Rfe8 16. Be3 Qc6 17. Nd4 Qc8 18. Rad1 a6 19. Bh6 Bh8 20. Nf3 b5 21. Rd2 Rb8
22. Nd5 Bxd5 23. exd5 b4 24. Be3 Rb5 25. Red1 Qb7 26. Ng5 Bg7 27. Bd4 h5 28.
Bxf6 Bxf6 29. Qf4 Kg7 30. Rd3 Rf8 31. Qc1 Bxg5 32. Qxg5 e5 33. Qe3 Rc8 34. R1d2
Rbc5 35. f4 Re8 36. f5 e4 37. Rd4 Qe7 38. fxg6 f5 39. Rxb4 Qh4 40. Qd4+ Re5 41.
Rb7+ Kxg6 42. Rb6 Qf6 43. c4 Ra5 44. b4 Ra1+ 45. Rd1 Rxd1+ 46. Qxd1 e3 47. c5 e2
48. Qe1 Qg5 49. Rxd6+ Kf7 50. c6 Qe3+ 51. Kh2 f4 0-1

[Event "40th ECC Open 2025"]
[Site "Rhodes GRE"]
[Date "2025.10.24"]
[Round "6.31"]
[White "Ragger, Markus"]
[Black "Warmerdam, Max"]
[Result "1/2-1/2"]
[WhiteTitle "GM"]
[BlackTitle "GM"]
[WhiteElo "2567"]
[BlackElo "2582"]
[WhiteTeam "SG Riehen"]
[BlackTeam "Kfar Saba"]
[WhiteFideId "1610856"]
[BlackFideId "1048104"]
[EventDate "2025.10.19"]

1. e4 c5 2. Nf3 d6 3. d4 cxd4 4. Nxd4 Nf6 5. Nc3 Nc6 6. Bg5 Bd7 7. Nxc6 bxc6 8.
Bc4 h6 9. Bxf6 exf6 10. O-O Be7 11. Qf3 O-O 12. Nd1 Rb8 13. Ne3 Qa5 14. Bb3 Rfe8
15. Rad1 Qc5 16. Nf5 Bf8 17. Qh5 d5 18. Ng3 Re5 19. Qf3 Be6 20. Qd3 h5 21. exd5
cxd5 22. Ne2 Bf5 23. Qd2 Bg4 24. Rde1 a5 25. Nc1 Rxe1 26. Rxe1 a4 27. Bxa4 Rxb2
28. Bb3 Bf5 29. Nd3 Qd4 30. Rd1 Bxd3 31. Qxd3 Qxd3 32. cxd3 d4 33. Kf1 Ba3 34.
Re1 Kf8 35. Re4 Bc5 36. Re2 Rb1+ 37. Re1 Rxe1+ 38. Kxe1 h4 39. h3 g5 40. Kd1 Ke7
41. Kc2 Bb4 42. a4 f5 43. Bd5 Be1 44. Kb3 Kd6 45. Kc4 Bxf2 46. a5 Kc7 47. Kc5
Kb8 48. Bxf7 Ka7 49. Kb5 g4 50. Be6 gxh3 51. gxh3 f4 52. Bd5 Be3 53. Bf3 1/2-1/2

[Event "40th ECC Open 2025"]
[Site "Rhodes GRE"]
[Date "2025.10.24"]
[Round "6.32"]
[White "Gorshtein, Ido"]
[Black "Rosner, Jonas"]
[Result "1-0"]
[WhiteTitle "GM"]
[BlackTitle "IM"]
[WhiteElo "2537"]
[BlackElo "2431"]
[WhiteTeam "Kfar Saba"]
[BlackTeam "SG Riehen"]
[WhiteFideId "2815532"]
[BlackFideId "24608513"]
[EventDate "2025.10.19"]

1. c4 c6 2. Nf3 d5 3. g3 Nf6 4. Bg2 dxc4 5. Qc2 Be6 6. O-O Nbd7 7. Ng5 Bg4 8.
Qxc4 e6 9. Nc3 Be7 10. Qb3 Qb6 11. Qc2 O-O 12. d3 a5 13. h3 Bh5 14. e4 h6 15.
Nf3 Rad8 16. Be3 Qa6 17. g4 Bg6 18. Ne2 Nd5 19. exd5 Bxd3 20. Qxd3 Qxd3 21. Nf4
Qh7 22. dxe6 Nc5 23. Bxc5 Bxc5 24. Rae1 fxe6 25. Nxe6 Qc2 26. Re5 Bb6 27. Nxd8
Rxd8 28. Nh4 Qxb2 29. Ng6 Rd6 30. Re8+ Kh7 31. Nf8+ Kg8 32. Ng6+ Kh7 33. Be4 Rd8
34. Ne5+ g6 35. Re7+ Kg8 36. Bxg6 Kh8 37. Bf5 Rd6 38. Nf7+ Kg7 39. Nxd6+ Kf6 40.
Rf7+ Kg5 41. Ne4+ Kf4 42. Bg6+ Ke5 43. Rd1 1-0

[Event "40th ECC Open 2025"]
[Site "Rhodes GRE"]
[Date "2025.10.24"]
[Round "6.33"]
[White "Brunner, Nicolas"]
[Black "Boruchovsky, Avital"]
[Result "0-1"]
[WhiteTitle "IM"]
[BlackTitle "GM"]
[WhiteElo "2429"]
[BlackElo "2509"]
[WhiteTeam "SG Riehen"]
[BlackTeam "Kfar Saba"]
[WhiteFideId "620246"]
[BlackFideId "2800055"]
[EventDate "2025.10.19"]

1. d4 Nf6 2. c4 e6 3. Nf3 d5 4. Nc3 c5 5. cxd5 Nxd5 6. e4 Nxc3 7. bxc3 cxd4 8.
cxd4 Bb4+ 9. Bd2 Bxd2+ 10. Qxd2 O-O 11. Bc4 Nd7 12. O-O b6 13. Rad1 Bb7 14. Rfe1
Nf6 15. Qf4 Rc8 16. Bb3 Qc7 17. Ne5 b5 18. g4 a5 19. a4 Qc3 20. Re3 Qb2 21. axb5
Rc3 22. Rxc3 Qxc3 23. Qe3 Nxe4 24. Rc1 Qb4 25. Rc7 Qxb5 26. Nxf7 Nd2 27. Qxd2
Qxb3 28. Ne5 Qb1+ 29. Rc1 Qe4 30. f3 Rxf3 31. Nxf3 Qxf3 32. Rf1 Qxg4+ 33. Kf2
Qf3+ 34. Ke1 Qe4+ 35. Kf2 Bd5 36. Kg3 Qg6+ 37. Kh4 h6 38. Qe3 Kh7 39. Rf2 a4 40.
Kh3 e5 41. Qg3 Qh5+ 42. Qh4 Be6+ 43. Kg3 Qg6+ 44. Kf3 Qd3+ 45. Kg2 Bd5+ 46. Kg1
a3 47. dxe5 a2 48. Qa4 Qg6+ 0-1

[Event "40th ECC Open 2025"]
[Site "Rhodes GRE"]
[Date "2025.10.24"]
[Round "6.34"]
[White "Levin, Guy"]
[Black "Haag, Gregor"]
[Result "1-0"]
[WhiteTitle "IM"]
[BlackTitle "FM"]
[WhiteElo "2466"]
[BlackElo "2403"]
[WhiteTeam "Kfar Saba"]
[BlackTeam "SG Riehen"]
[WhiteFideId "2824213"]
[BlackFideId "24680931"]
[EventDate "2025.10.19"]

1. d4 d5 2. c4 dxc4 3. Nf3 Nf6 4. e3 e6 5. Bxc4 c5 6. O-O cxd4 7. exd4 Nc6 8.
Nc3 Be7 9. Qe2 O-O 10. Rd1 Na5 11. Bd3 b6 12. Ne5 Bb7 13. Qe3 Nd5 14. Qg3 f5 15.
Bh6 Bf6 16. h4 Nxc3 17. bxc3 Bxe5 18. dxe5 Qc7 19. Bb5 Bd5 20. c4 Nxc4 21. Rac1
Rf7 22. Bf4 Qc5 23. a4 a6 24. Bxc4 Bxc4 25. Be3 f4 26. Bxf4 b5 27. Rd6 Qc8 28.
h5 Qf8 29. Bg5 Kh8 30. Rcd1 Bd5 31. h6 gxh6 32. Bf6+ Rxf6 33. exf6 Qf7 34. Qe5
Rf8 35. Rd3 Qg6 36. Rg3 Qb1+ 37. Kh2 Qe4 38. Qxe4 Bxe4 39. Rxe6 Bd5 40. Rd6 Bc4
41. a5 1-0

[Event "40th ECC Open 2025"]
[Site "Rhodes GRE"]
[Date "2025.10.24"]
[Round "6.35"]
[White "Cvitan, Ognjen"]
[Black "Erenberg, Ariel"]
[Result "1-0"]
[WhiteTitle "GM"]
[BlackTitle "IM"]
[WhiteElo "2387"]
[BlackElo "2510"]
[WhiteTeam "SG Riehen"]
[BlackTeam "Kfar Saba"]
[WhiteFideId "14500086"]
[BlackFideId "2811634"]
[EventDate "2025.10.19"]

1. d4 Nf6 2. c4 e6 3. Nc3 Bb4 4. e3 O-O 5. Bd3 d5 6. Nf3 b6 7. O-O Bb7 8. cxd5
exd5 9. Ne5 Bd6 10. Nb5 Be7 11. b3 c5 12. Bb2 Nbd7 13. Rc1 a6 14. Nc3 Bd6 15.
Nxd7 Nxd7 16. dxc5 bxc5 17. Nxd5 Bxd5 18. Qh5 f5 19. Bxf5 Rxf5 20. Qxf5 Bf7 21.
Rfd1 Qc7 22. Rc2 Nf8 23. Rcd2 Be7 24. Qg4 g6 25. Qe4 Re8 26. Qc2 Qa5 27. Bc3 Qa3
28. Ba1 Ne6 29. Qc3 Kf8 30. Rd7 Qxa2 31. Bb2 Rb8 32. Qh8+ Bg8 33. Bf6 Re8 34.
Bxe7+ 1-0

[Event "40th ECC Open 2025"]
[Site "Rhodes GRE"]
[Date "2025.10.24"]
[Round "6.36"]
[White "Mindlin, Alon"]
[Black "Collin, Moritz Valentin"]
[Result "1-0"]
[WhiteTitle "IM"]
[BlackTitle "FM"]
[WhiteElo "2451"]
[BlackElo "2282"]
[WhiteTeam "Kfar Saba"]
[BlackTeam "SG Riehen"]
[WhiteFideId "2800071"]
[BlackFideId "1342932"]
[EventDate "2025.10.19"]

1. d4 Nf6 2. c4 e6 3. Nf3 d5 4. e3 b6 5. b3 Bd6 6. Bd3 O-O 7. O-O Bb7 8. Bb2
Nbd7 9. Nbd2 Re8 10. Ne5 c5 11. Qe2 Ne4 12. Rad1 cxd4 13. exd4 Ndf6 14. Nxe4
Nxe4 15. Qg4 Rc8 16. f3 Nf6 17. Qh3 h6 18. f4 Ne4 19. f5 f6 20. Bxe4 dxe4 21.
Ng4 exf5 22. Rxf5 Rc7 23. Qh5 Rf7 24. Rdf1 Ree7 25. Qg6 Kh8 26. c5 Bb8 27. d5
Bc8 28. Nxh6 gxh6 29. Rxf6 Rxf6 30. Bxf6+ Rg7 31. Qxg7# 1-0

[Event "40th ECC Open 2025"]
[Site "Rhodes GRE"]
[Date "2025.10.24"]
[Round "6.37"]
[White "Movsesian, Sergei"]
[Black "Giri, Anish"]
[Result "0-1"]
[WhiteTitle "GM"]
[BlackTitle "GM"]
[WhiteElo "2600"]
[BlackElo "2759"]
[WhiteTeam "Sigil Fund Pardubice"]
[BlackTeam "BayeganPendik chess sports"]
[WhiteFideId "310204"]
[BlackFideId "24116068"]
[EventDate "2025.10.19"]

1. e4 c5 2. Nf3 d6 3. d4 cxd4 4. Qxd4 Nf6 5. Nc3 Nc6 6. Qd3 g6 7. Nd5 Bg7 8. c3
Bg4 9. h3 Bxf3 10. Qxf3 O-O 11. Nxf6+ Bxf6 12. Be2 Rb8 13. a4 a6 14. h4 h5 15.
g4 Ne5 16. Qg3 hxg4 17. h5 g5 18. Bxg4 Kh8 19. Be2 Rg8 20. h6 b5 21. axb5 axb5
22. Rh5 Ra8 23. Rxa8 Qxa8 24. h7 Rg7 25. Qh3 g4 26. Qe3 Nf3+ 27. Bxf3 gxf3 28.
Kd2 Rg1 29. Kc2 b4 30. e5 Qa4+ 31. b3 Qa2+ 32. Kd3 dxe5 33. Kc4 Rg4+ 34. Kb5
Qxb3 0-1

[Event "40th ECC Open 2025"]
[Site "Rhodes GRE"]
[Date "2025.10.24"]
[Round "6.38"]
[White "Mamedyarov, Shakhriyar"]
[Black "Hracek, Zbynek"]
[Result "1-0"]
[WhiteTitle "GM"]
[BlackTitle "GM"]
[WhiteElo "2742"]
[BlackElo "2539"]
[WhiteTeam "BayeganPendik chess sports"]
[BlackTeam "Sigil Fund Pardubice"]
[WhiteFideId "13401319"]
[BlackFideId "300071"]
[EventDate "2025.10.19"]

1. Nf3 d5 2. b3 c5 3. Bb2 Nc6 4. e3 a6 5. g3 Nf6 6. Bg2 g6 7. Ne5 Nxe5 8. Bxe5
Bg7 9. Nc3 O-O 10. O-O Bg4 11. Qb1 Rc8 12. Qb2 d4 13. Nd1 Nh5 14. Bxg7 Nxg7 15.
Bxb7 Rb8 16. Bg2 e5 17. f4 exf4 18. exf4 Bxd1 19. Raxd1 Re8 20. Rde1 Qa5 21. c4
h5 22. Re5 Rxe5 23. fxe5 Re8 24. Bd5 Nf5 25. Re1 Qc7 26. e6 Kg7 27. b4 fxe6 28.
b5 Nxg3 29. bxa6 Qf4 30. Bg2 Nf5 31. a7 Kh6 32. a8=Q Rxa8 33. Bxa8 Qg4+ 34. Bg2
Nh4 35. Qb7 1-0

[Event "40th ECC Open 2025"]
[Site "Rhodes GRE"]
[Date "2025.10.24"]
[Round "6.39"]
[White "Nemec, Jachym"]
[Black "Rapport, Richard"]
[Result "0-1"]
[WhiteTitle "FM"]
[BlackTitle "GM"]
[WhiteElo "2448"]
[BlackElo "2724"]
[WhiteTeam "Sigil Fund Pardubice"]
[BlackTeam "BayeganPendik chess sports"]
[WhiteFideId "23716525"]
[BlackFideId "738590"]
[EventDate "2025.10.19"]

1. d4 Nf6 2. c4 e6 3. Nc3 Bb4 4. e3 O-O 5. Bd3 Re8 6. Ne2 d5 7. a3 Bf8 8. cxd5
exd5 9. O-O a5 10. Bd2 Na6 11. Nf4 c6 12. Qc2 b5 13. Nce2 Bd7 14. Rad1 g6 15. f3
Rc8 16. Qb1 c5 17. dxc5 Nxc5 18. Bc3 b4 19. axb4 axb4 20. Bd4 Nb3 21. Bxf6 Qxf6
22. Nxd5 Qe5 23. e4 Bg7 24. Kh1 Be6 25. Nef4 g5 26. Nh5 Rc5 27. Qa2 Na5 28. Qa4
Rb8 29. b3 Kh8 30. Nxg7 Kxg7 31. Rc1 Rxc1 32. Rxc1 Qb2 33. Ra1 Nxb3 34. Rf1 Nc5
35. Qa7 Rc8 36. Bb5 Qd4 37. Ne7 Rf8 38. Nc6 Qc3 39. Qe7 h6 40. e5 b3 41. Qf6+
Kh7 42. Qe7 Ra8 43. Nd8 Rxd8 44. Qxd8 b2 45. Qd1 Bf5 46. Qd5 Ne6 47. Qb7 Bg6 0-1

[Event "40th ECC Open 2025"]
[Site "Rhodes GRE"]
[Date "2025.10.24"]
[Round "6.40"]
[White "Nihal, Sarin"]
[Black "Delgerdalai, Bayarjavkhlan"]
[Result "1-0"]
[WhiteTitle "GM"]
[BlackTitle "FM"]
[WhiteElo "2700"]
[BlackElo "2376"]
[WhiteTeam "BayeganPendik chess sports"]
[BlackTeam "Sigil Fund Pardubice"]
[WhiteFideId "25092340"]
[BlackFideId "23727276"]
[EventDate "2025.10.19"]

1. d4 Nf6 2. Nf3 e6 3. Bg5 Be7 4. Nbd2 h6 5. Bh4 d5 6. e3 b6 7. c3 O-O 8. Bd3
Bb7 9. Bxf6 Bxf6 10. h4 Nd7 11. g4 Re8 12. g5 hxg5 13. hxg5 Bxg5 14. Nxg5 Qxg5
15. Qf3 Kf8 16. O-O-O Ke7 17. Rdg1 Qf6 18. Qg3 Rac8 19. Nf3 g6 20. Rh4 Rh8 21.
Rg4 Rh6 22. Ng5 Qg7 23. Nxf7 Qxf7 24. Bxg6 Qf6 25. Bc2 e5 26. Rg7+ Kd6 27. f4
exf4 28. exf4 Kc6 29. c4 Qxd4 30. cxd5+ Qxd5 31. Rd1 Rh1 32. Ba4+ b5 33. Rg6+
Kc5 34. Qc3+ Qc4 35. b4# 1-0

[Event "40th ECC Open 2025"]
[Site "Rhodes GRE"]
[Date "2025.10.24"]
[Round "6.41"]
[White "Stehno, Pavel"]
[Black "Alekseenko, Kirill"]
[Result "0-1"]
[BlackTitle "GM"]
[WhiteElo "2305"]
[BlackElo "2679"]
[WhiteTeam "Sigil Fund Pardubice"]
[BlackTeam "BayeganPendik chess sports"]
[WhiteFideId "313467"]
[BlackFideId "4135539"]
[EventDate "2025.10.19"]

1. e4 c5 2. Nf3 Nc6 3. Bc4 e6 4. O-O Nf6 5. Re1 d6 6. Bf1 Be7 7. c3 O-O 8. d4 b6
9. a4 Bb7 10. d5 exd5 11. exd5 Ne5 12. c4 Nfd7 13. Nc3 f5 14. Nxe5 dxe5 15. a5
bxa5 16. d6 Bg5 17. Nd5 Bxc1 18. Rxc1 Rb8 19. Ne7+ Kh8 20. Qh5 Rf6 21. Rcd1 Be4
22. f3 Ba8 23. Rd2 Qb6 24. Red1 Rbf8 25. Qg5 e4 26. f4 e3 27. Re2 Qb3 28. Ree1
Be4 29. Qg3 Qxb2 30. Qxe3 Re6 31. Rd2 Qb6 32. Red1 a4 33. Qa3 Qb3 34. Ra1 Qxa3
35. Rxa3 Nb6 36. Ra1 Rd8 37. Rad1 g6 38. Kf2 a5 39. Be2 a3 40. g4 Na4 41. gxf5
gxf5 42. Rc1 Rh6 43. h4 Rxh4 44. Kg3 Rh6 45. Ra2 Nb6 46. Rxa3 a4 47. Bf3 Rdxd6
48. Bxe4 fxe4 49. f5 Rd3+ 50. Kf4 Kg7 51. Rxd3 exd3 52. Rd1 Rd6 53. Ke4 Rd4+ 0-1

[Event "40th ECC Open 2025"]
[Site "Rhodes GRE"]
[Date "2025.10.24"]
[Round "6.42"]
[White "Murzin, Volodar"]
[Black "Bujnoch, Radek"]
[Result "1-0"]
[WhiteTitle "GM"]
[BlackTitle "FM"]
[WhiteElo "2664"]
[BlackElo "2247"]
[WhiteTeam "BayeganPendik chess sports"]
[BlackTeam "Sigil Fund Pardubice"]
[WhiteFideId "44155573"]
[BlackFideId "313300"]
[EventDate "2025.10.19"]

1. d4 d5 2. c4 c6 3. Nf3 Nf6 4. e3 e6 5. Bd3 Nbd7 6. O-O Bd6 7. Nbd2 O-O 8. e4
dxe4 9. Nxe4 Nxe4 10. Bxe4 c5 11. Bc2 cxd4 12. Qxd4 Bc5 13. Qe4 g6 14. Bh6 Re8
15. Rad1 f5 16. Qe1 Qc7 17. Ba4 Re7 18. b4 Bd6 19. Bg5 Rf7 20. c5 Bf8 21. Nd4
Nf6 22. Nxe6 Bxe6 23. Qxe6 Ne4 24. Be3 Kh8 25. Bb3 Kg7 26. Bd4+ Nf6 27. Bxf6+
Rxf6 28. Rd7+ 1-0

[Event "40th ECC Open 2025"]
[Site "Rhodes GRE"]
[Date "2025.10.24"]
[Round "6.43"]
[White "Mastrovasilis, Dimitrios"]
[Black "Alonso Rosell, Alvar"]
[Result "1/2-1/2"]
[WhiteTitle "GM"]
[BlackTitle "GM"]
[WhiteElo "2522"]
[BlackElo "2538"]
[WhiteTeam "Kavala"]
[BlackTeam "Silla-Integrant Col.lectius"]
[WhiteFideId "4202694"]
[BlackFideId "2270544"]
[EventDate "2025.10.19"]

1. e4 c6 2. Nf3 d5 3. Nc3 Bg4 4. h3 Bxf3 5. Qxf3 e6 6. Be2 Nd7 7. d4 dxe4 8.
Nxe4 Ndf6 9. c3 Nxe4 10. Qxe4 Nf6 11. Qf3 Be7 12. O-O O-O 13. g3 a5 14. a4 Nd5
15. h4 Qb6 16. Bc4 Rad8 17. Rd1 Rd7 18. b3 Qd8 19. Bd2 Nf6 20. Bf4 Nd5 21. Bd2
Nf6 22. Bf4 Nd5 23. Bd2 Nf6 24. Bf4 1/2-1/2

[Event "40th ECC Open 2025"]
[Site "Rhodes GRE"]
[Date "2025.10.24"]
[Round "6.44"]
[White "Lopez Martinez, Josep Manuel"]
[Black "Galopoulos, Nikolaos"]
[Result "1-0"]
[WhiteTitle "GM"]
[WhiteElo "2477"]
[BlackElo "2425"]
[WhiteTeam "Silla-Integrant Col.lectius"]
[BlackTeam "Kavala"]
[WhiteFideId "2212943"]
[BlackFideId "4208951"]
[EventDate "2025.10.19"]

1. d4 Nf6 2. c4 e6 3. Nc3 d5 4. cxd5 exd5 5. Bg5 Be7 6. e3 h6 7. Bh4 c6 8. Bd3
O-O 9. Nge2 Ne8 10. Bg3 Nd6 11. Qc2 Re8 12. O-O Bf8 13. Rad1 Nd7 14. a4 a5 15.
Qc1 Nf6 16. f3 Qb6 17. Kh1 Bf5 18. Bxd6 Bxd3 19. Bxf8 Bxe2 20. Bxg7 Bxf1 21.
Bxf6 Re6 22. Bh4 Bc4 23. e4 Rae8 24. e5 c5 25. f4 cxd4 26. Bf2 Qd8 27. Bxd4 Qh4
28. Qe3 f6 29. h3 R8e7 30. Kh2 fxe5 31. Bxe5 Qh5 32. Re1 Rg6 33. Qc5 Rf7 34.
Nxd5 Qh4 35. Qc8+ Rf8 36. Ne7+ Qxe7 37. Qxc4+ Qe6 38. Qd3 h5 39. Rc1 Kh7 40.
Rc7+ Kh6 41. Qe3 Qf5 42. Rc5 Re6 43. Rxa5 Rg8 44. Rd5 h4 45. Qf2 1-0

[Event "40th ECC Open 2025"]
[Site "Rhodes GRE"]
[Date "2025.10.24"]
[Round "6.45"]
[White "Kanakaris, Georgios"]
[Black "Olsen, Filip Boe"]
[Result "1/2-1/2"]
[WhiteTitle "IM"]
[BlackTitle "IM"]
[WhiteElo "2382"]
[BlackElo "2451"]
[WhiteTeam "Kavala"]
[BlackTeam "Silla-Integrant Col.lectius"]
[WhiteFideId "4209460"]
[BlackFideId "1440640"]
[EventDate "2025.10.19"]

1. e4 c6 2. Nf3 d5 3. Nc3 dxe4 4. Nxe4 Nf6 5. Qe2 Nxe4 6. Qxe4 Nd7 7. d4 Nf6 8.
Qd3 g6 9. Be2 Bf5 10. Qb3 Qb6 11. Bc4 Qxb3 12. Bxb3 a5 13. Ne5 Nd5 14. a4 Bg7
15. Bd2 Be6 16. f4 O-O 17. O-O Rfd8 18. Ra3 Nc7 19. Be3 Nd5 20. Bd2 Nc7 21. Be3
Nd5 22. Bd2 Nc7 1/2-1/2